Geography Quiz

Random Geography or State Quiz
Score 0/10 Timer 01:30
5 Plays Today
Question Answer Wrong Answers
Dallas Texas
97.9%
Michigan
0.3%
Nebraska
0.3%
Washington
0.3%
Denver Colorado
97.3%
Nebraska
0.5%
Kansas
0.6%
Idaho
0.4%
Detroit Michigan
96.8%
New York
0.6%
Pennsylvania
0.8%
Washington
0.6%
Des Moines Iowa
90.4%
Louisiana
3.8%
Maine
2.4%
Nebraska
2.2%
Dayton Ohio
86.4%
Kansas
2.9%
Florida
6.6%
Oklahoma
2.7%
Dover Delaware
84.4%
Rhode Island
9.5%
Texas
1.9%
Georgia
2.9%
Durham North Carolina
77.6%
South Carolina
8.2%
New Jersey
6.9%
Alabama
5.9%
Davenport Iowa
61.9%
Maryland
19.7%
Delaware
8.3%
Alabama
8.7%
Daly City California
45.1%
Minnesota
18.1%
West Virginia
21.6%
Rhode Island
13.6%
Denton Texas
43.2%
Oklahoma
18.7%
Mississippi
17.2%
Arkansas
19.4%
Remove Ads.
Support Sporcle.
Get the best of Sporcle when you Go Orange. This ad-free experience offers more features, more stats, and more fun while also helping to support Sporcle. Thank you for becoming a member.

You're not logged in!

Compare scores with friends on all Sporcle quizzes.
OR
Log In

Sporcle TV

Today on Sporcle TV


Watch our educational content, quiz creation guides, and fun videos on Sporcle TV.

Show Comments

Extras

Top Quizzes Today


Score Distribution

Paid Content

Your Account Isn't Verified!

In order to create a playlist on Sporcle, you need to verify the email address you used during registration. Go to your Sporcle Settings to finish the process.

Report this User

Report this user for behavior that violates our Community Guidelines.

Details: